LIBRARY & INFORMATION CENTRE, KCAET, TAVANUR

ONLINE PUBLIC ACCESS CATALOGUE (OPAC)

Experimental physics / (Record no. 2378)

MARC details
000 -LEADER
fixed length control field 00396cam a2200169ua 4500
020 ## - INTERNATIONAL STANDARD BOOK NUMBER
ISBN 0 34021923 8
041 ## - LANGUAGE CODE
Language code of text/sound track or separate title eng
082 ## - DEWEY DECIMAL CLASSIFICATION NUMBER
Classification number 530
Item number DAI/EX
100 ## - MAIN ENTRY--AUTHOR NAME
Personal name Daish, C.B .
245 ## - TITLE STATEMENT
Title Experimental physics /
250 ## - EDITION STATEMENT
Edition statement 2 /
260 ## - PUBLICATION, DISTRIBUTION, ETC. (IMPRINT)
Place of publication :
Name of publisher Hodder and stoughton ,
Year of publication 1980.
300 ## - PHYSICAL DESCRIPTION
Number of Pages 302 ; .
942 ## - ADDED ENTRY ELEMENTS (KOHA)
Koha item type Books
Holdings
Withdrawn status Lost status Damaged status Home library Current library Date acquired Full call number Accession Number Koha item type
      KAUAET KAUAET 27/03/1987 530 DAI/EX 16244 Books
free website counter